Central Library OPAC University of Rajshahi

Introductory horticulture / (Record no. 67197)

MARC details
000 -LEADER
fixed length control field 00705nam a2200253 a 4500
001 - CONTROL NUMBER
control field 67197
003 - CONTROL NUMBER IDENTIFIER
rucl marc code BD-RjUL
005 - DATE AND TIME OF LATEST TRANSACTION
control field 20211209081627.0
008 - FIXED-LENGTH DATA ELEMENTS--GENERAL INFORMATION
fixed length control field 950403s1997 nyua 001 0 eng
020 ## - INTERNATIONAL STANDARD BOOK NUMBER
International Standard Book Number 082736766X
035 ## - SYSTEM CONTROL NUMBER
System control number (BD-RjUL)67328
040 ## - CATALOGING SOURCE
Original cataloging agency DLC
Transcribing agency DLC
Modifying agency DLC
-- BD-RjUL
Language of cataloging eng
041 ## - LANGUAGE CODE
Language code of text/sound track or separate title eng
082 00 - DEWEY DECIMAL CLASSIFICATION NUMBER
Edition number 23
Classification number 635
Author mark and year REI 1997
100 1# - MAIN ENTRY--PERSONAL NAME
Personal name Reiley, H. Edward.
9 (RLIN) 199065
245 10 - TITLE STATEMENT
Title Introductory horticulture /
Statement of responsibility, etc. H. Edward Reiley & Carroll L. Shry
250 ## - EDITION STATEMENT
Edition statement 5th ed.
260 ## - PUBLICATION, DISTRIBUTION, ETC. (IMPRINT)
Place of publication, distribution, etc. Albany, N.Y. :
Name of publisher, distributor, etc. Delmar,
Date of publication, distribution, etc. c1997.
300 ## - PHYSICAL DESCRIPTION
Pagination x, 548 p. :
Illustrations ill. ;
Size 29 cm.
500 ## - GENERAL NOTE
General note Includes index.
650 #0 - SUBJECT ADDED ENTRY--TOPICAL TERM
Topical term or geographic name as entry element Horticulture.
9 (RLIN) 199066
700 1# - ADDED ENTRY--PERSONAL NAME
Personal name Shry, Carroll L.
942 ## - ADDED ENTRY ELEMENTS (KOHA)
Source of classification or shelving scheme Dewey Decimal Classification
Koha item type Books
Holdings
Lost status Source of classification or shelving scheme Damaged status Not for loan Collection code Permanent Location Current Location Shelving location Date acquired Source of acquisition Cost, normal purchase price Total Checkouts Full call number Date last seen Copy number Koha item type
  Dewey Decimal Classification   Not For Loan Non-fiction Central Library, University of Rajshahi Central Library, University of Rajshahi Reading Room 19/04/2009 Paragon enterprise, Dhaka 94.95   635 REI 1997 22/03/2017 C-1 Books